[Event "Elit(Solna-Kamraterna)"]
[Site "?"]
[Date "2011.03.12"]
[Round "10"]
[White "Svenn, Matti"]
[Black "Callergard, Robert"]
[Result "1/2-1/2"]
[WhiteElo "2262"]
[BlackElo "2284"]
[PlyCount "81"]
[SourceDate "2011.03.18"]

1. e4 c5 2. Nf3 d6 3. d4 cxd4 4. Nxd4 Nf6 5. Nc3 Nc6 6. Be2 e6 7. Be3 a6 8. Qd2
Be7 9. f3 O-O 10. O-O-O Nxd4 11. Bxd4 b5 12. a3 Bb7 13. g4 Rc8 14. g5 Nd7 15.
h4 Ne5 16. Qe3 Qc7 17. Rhg1 Rfe8 18. h5 Bf8 19. h6 g6 20. f4 Nc4 21. Bxc4 Qxc4
22. Bg7 Be7 23. Qb6 Qc6 24. Bd4 Qxb6 25. Bxb6 Rc4 26. Rd4 Rec8 27. Kd2 Kf8 28.
Rxc4 Rxc4 29. Kd3 d5 30. Re1 dxe4+ 31. Nxe4 Ke8 32. Bd4 Bxe4+ 33. Rxe4 Kd7 34.
c3 Rc8 35. Be5 Kc6 36. c4 Rd8+ 37. Kc3 Rd1 38. Kc2 Rf1 39. cxb5+ axb5 40. Rd4
Rf3 41. Rd2 1/2-1/2

[Event "Elit(Solna-Kamraterna)"]
[Site "?"]
[Date "2011.03.12"]
[Round "10"]
[White "Couso, Luis"]
[Black "Borvander, Tom"]
[Result "1-0"]
[WhiteElo "2258"]
[BlackElo "2221"]
[PlyCount "85"]

1. e4 e5 2. Nf3 Nc6 3. Bb5 a6 4. Ba4 Nf6 5. O-O b5 6. Bb3 Bc5 7. c3 d6 8. a4
Bb7 9. d4 Bb6 10. axb5 axb5 11. Rxa8 Qxa8 12. Na3 O-O 13. d5 Na7 14. Qd3 c6 15.
dxc6 Bxc6 16. Qxd6 Nxe4 17. Qxe5 Nxf2 18. Rxf2 Bxf3 19. Be3 Bxe3 20. Qxe3 Be4
21. Qc5 Qb8 22. Nc2 Nc8 23. Rd2 Bg6 24. Nb4 Qf4 25. Qd4 Qg5 26. Nc6 h6 27. Ne5
Bh5 28. h4 Qe7 29. g4 Bxg4 30. Nxg4 Qe1+ 31. Kh2 Ne7 32. Rf2 Ng6 33. h5 Nh4 34.
Kh3 Qh1+ 35. Rh2 Qe1 36. Nxh6+ Kh8 37. Qxh4 Qf1+ 38. Rg2 gxh6 39. Qd4+ f6 40.
Kh2 Qf5 41. Qg4 Qe5+ 42. Kh1 f5 43. Qd4 1-0

[Event "Elit(Solna-Kamraterna)"]
[Site "?"]
[Date "2011.03.12"]
[Round "10"]
[White "Landgren, Andreas"]
[Black "Andersson, Michael"]
[Result "1-0"]
[WhiteElo "2254"]
[BlackElo "2221"]
[PlyCount "75"]

1. d4 d6 2. e4 Nf6 3. Nc3 g6 4. Be3 c6 5. Qd2 b5 6. Bd3 Nbd7 7. Nf3 e5 8. h3
Bb7 9. dxe5 dxe5 10. O-O Bg7 11. a4 a6 12. Ne2 O-O 13. Ng3 Qe7 14. Bh6 Rfe8 15.
Nh2 Rad8 16. Bxg7 Kxg7 17. Kh1 h6 18. b4 Nb6 19. a5 Na4 20. f4 c5 21. bxc5 Nxc5
22. fxe5 Nfxe4 23. Nxe4 Nxe4 24. Qf4 Ng5 25. Ng4 h5 26. Nf6 Nxh3 27. Qg3 Qxe5
28. Nxe8+ Qxe8 29. Qxh3 Rd4 30. Rae1 Qd8 31. Qe3 Qh4+ 32. Kg1 Rg4 33. Rxf7+
Kxf7 34. Qe8+ Kg7 35. Qe7+ Kh6 36. Qf8+ Kh7 37. Re7+ Qxe7 38. Qxe7+ 1-0

[Event "Elit(Team Viking-LASK)"]
[Site "?"]
[Date "2011.03.13"]
[Round "11"]
[White "Grandelius, Nils"]
[Black "Ivanov, Sergej"]
[Result "1/2-1/2"]
[WhiteElo "2637"]
[BlackElo "2611"]
[PlyCount "91"]

1. d4 Nf6 2. c4 e6 3. Nc3 Bb4 4. e3 c5 5. Bd3 Nc6 6. Nge2 cxd4 7. exd4 d5 8.
cxd5 Nxd5 9. O-O O-O 10. Nxd5 Qxd5 11. a3 Be7 12. Be3 Bf6 13. Qc2 g6 14. Rfd1
Ne7 15. Be4 Qd8 16. Bf4 Nd5 17. Be5 Bd7 18. Bxd5 exd5 19. Nc3 Bc6 20. Re1 Re8
21. Bxf6 Qxf6 22. Qd2 Kg7 23. h3 h5 24. Kf1 h4 25. Rxe8 Rxe8 26. Re1 Rxe1+ 27.
Kxe1 g5 28. Qe3 Kg6 29. Kd2 Qf5 30. Kc1 Bd7 31. Kd2 a6 32. Qd3 Bc6 33. Qxf5+
Kxf5 34. Ke3 f6 35. b4 Ke6 36. a4 Be8 37. g3 Kd6 38. g4 Bg6 39. Kd2 f5 40. f3
f4 41. Na2 Be8 42. Nc3 Bc6 43. Kc2 Bd7 44. Kd3 Be8 45. Kd2 b6 46. Kc2 1/2-1/2

[Event "Elit(Team Viking-LASK)"]
[Site "?"]
[Date "2011.03.13"]
[Round "11"]
[White "Lund, Silas"]
[Black "Volodin, Aleksandr"]
[Result "1/2-1/2"]
[WhiteElo "2455"]
[BlackElo "2535"]
[PlyCount "47"]

1. d4 Nf6 2. c4 c5 3. d5 b5 4. cxb5 a6 5. bxa6 d6 6. e4 Bxa6 7. Bxa6 Nxa6 8.
Nc3 g6 9. Nf3 Bg7 10. O-O O-O 11. Qe2 Qb6 12. e5 dxe5 13. Nxe5 Nb4 14. Bg5 Rfd8
15. Bxf6 Qxf6 16. Nc6 Nxc6 17. dxc6 Qxc6 18. Qxe7 Rd2 19. Rfd1 Bf6 20. Qe4 Qxe4
21. Nxe4 Rxd1+ 22. Rxd1 Bxb2 23. Nxc5 Rxa2 24. g3 1/2-1/2

[Event "Elit(Team Viking-LASK)"]
[Site "?"]
[Date "2011.03.13"]
[Round "11"]
[White "Semcesen, Daniel"]
[Black "Dragicevic, Drazen"]
[Result "1-0"]
[WhiteElo "2509"]
[BlackElo "2354"]
[PlyCount "57"]

1. d4 Nf6 2. c4 g6 3. Nc3 d5 4. Nf3 Bg7 5. Qb3 dxc4 6. Qxc4 O-O 7. e4 Na6 8.
Be2 c5 9. d5 e6 10. O-O exd5 11. exd5 Bf5 12. Rd1 Nd7 13. Bg5 Qb6 14. Rd2 h6
15. Be7 Rfe8 16. d6 Nb4 17. Re1 Be6 18. Qf4 g5 19. Qe4 Nc6 20. Bc4 Bxc4 21.
Qxc4 Qa5 22. h4 Nd4 23. hxg5 Nxf3+ 24. gxf3 hxg5 25. Qg4 Bxc3 26. bxc3 Qxc3 27.
Qxd7 Qxd2 28. Re5 Qf4 29. Rxg5+ 1-0

[Event "Elit(Team Viking-LASK)"]
[Site "?"]
[Date "2011.03.13"]
[Round "11"]
[White "Nilsson, Sebastian"]
[Black "Ernst, Thomas"]
[Result "1/2-1/2"]
[WhiteElo "2402"]
[BlackElo "2510"]
[PlyCount "117"]

1. e4 c5 2. Nf3 d6 3. d4 cxd4 4. Nxd4 Nf6 5. Nc3 g6 6. Be3 Bg7 7. f3 Nc6 8. Qd2
O-O 9. Bc4 Bd7 10. O-O-O Rb8 11. Kb1 a6 12. g4 Na5 13. Be2 b5 14. h4 Nc4 15.
Bxc4 bxc4 16. Ka1 h5 17. Nd5 Nxd5 18. exd5 hxg4 19. h5 Qb6 20. c3 Qb7 21. Ne2
gxf3 22. Nf4 Bf5 23. Rdg1 Qxb2+ 24. Qxb2 Rxb2 25. Kxb2 Rb8+ 26. Kc1 Bxc3 27.
Kd1 Rb1+ 28. Bc1 Be5 29. Nh3 Bxh3 30. Rxh3 Bf4 31. Kc2 f2 32. Rgh1 Rxc1+ 33.
Rxc1 Bxc1 34. Rh1 Be3 35. Kd1 c3 36. Rf1 gxh5 37. Ke2 Bd2 38. Rxf2 Kg7 39. Kd3
e6 40. a4 a5 41. Rf1 Kg6 42. Rg1+ Kf6 43. Rf1+ Ke5 44. Rxf7 Kxd5 45. Ra7 e5 46.
Rxa5+ Ke6 47. Ra8 e4+ 48. Kc2 d5 49. Rd8 Ke5 50. a5 d4 51. a6 Be3 52. Rd7 Kf4
53. a7 d3+ 54. Kxc3 Bxa7 55. Rxa7 h4 56. Kd2 h3 57. Rh7 Kg3 58. Rg7+ Kf2 59.
Rf7+ 1/2-1/2

[Event "Elit(Team Viking-LASK)"]
[Site "?"]
[Date "2011.03.13"]
[Round "11"]
[White "Lindberg, Bo"]
[Black "Gajic, Mladen"]
[Result "1-0"]
[WhiteElo "2449"]
[BlackElo "2332"]
[PlyCount "115"]

1. Nf3 Nf6 2. g3 g6 3. c4 c6 4. Bg2 Bg7 5. O-O O-O 6. d4 d5 7. cxd5 cxd5 8. Nc3
Nc6 9. Ne5 Nxe5 10. dxe5 Ng4 11. Nxd5 Nxe5 12. Bg5 Nc6 13. Nxe7+ Nxe7 14. Qxd8
Rxd8 15. Bxe7 Re8 16. Ba3 Rxe2 17. Bf3 Re8 18. Rfc1 Bf6 19. Rc7 Rb8 20. Rac1 h5
21. Bd5 Be6 22. Bxe6 Rxe6 23. Rd7 b5 24. Bb4 h4 25. Kg2 Bxb2 26. Rc2 Ba1 27.
Rxa7 Rbe8 28. Rcc7 Rf6 29. Bc5 Rf5 30. Be3 hxg3 31. hxg3 b4 32. g4 Rf6 33. Bg5
Rfe6 34. Rxf7 Re2 35. Bf6 Bxf6 36. Rxf6 Rf8 37. Rxg6+ Kh8 38. Rb6 Rexf2+ 39.
Kg3 R2f3+ 40. Kh4 R3f4 41. Kh5 Rf2 42. Rxb4 Rh2+ 43. Kg5 Rd2 44. Rb6 Rg8+ 45.
Rg6 Rf8 46. a4 Rfd8 47. Rh6+ Kg8 48. Rf6 Rh2 49. a5 Rhd2 50. a6 Ra2 51. Kg6 Rb8
52. g5 Ra1 53. Rc6 Rd1 54. Rac7 Rdd8 55. a7 Ra8 56. Rb7 Kh8 57. Kh6 Re8 58.
Rcc7 1-0

[Event "Elit(Orgryte-Solna)"]
[Site "?"]
[Date "2011.03.13"]
[Round "11"]
[White "Lindberg, Bengt"]
[Black "Tukhaev, Adam"]
[Result "0-1"]
[WhiteElo "2434"]
[BlackElo "2594"]
[PlyCount "64"]

1. e4 c6 2. d4 d5 3. Nc3 dxe4 4. Nxe4 Bf5 5. Ng3 Bg6 6. h4 h6 7. Nf3 Nd7 8. h5
Bh7 9. Bd3 Bxd3 10. Qxd3 e6 11. Bd2 Ngf6 12. O-O-O Be7 13. Qe2 c5 14. dxc5 Qc7
15. Bc3 O-O 16. Ne5 Nxc5 17. Kb1 Rad8 18. Ng4 Qf4 19. Rxd8 Rxd8 20. Rh4 Kf8 21.
a3 Nfe4 22. Be5 Nxg3 23. fxg3 Qe4 24. Qxe4 Rd1+ 25. Ka2 Nxe4 26. Rh2 f5 27. Ne3
Re1 28. Bd4 Bd6 29. Bxa7 Bxg3 30. Rh3 f4 31. Nc4 Ng5 32. Bc5+ Ke8 0-1

[Event "Elit(Orgryte-Solna)"]
[Site "?"]
[Date "2011.03.13"]
[Round "11"]
[White "Frisk Kockum, Anton"]
[Black "Jonsson, Mikael"]
[Result "0-1"]
[WhiteElo "2412"]
[BlackElo "2342"]
[PlyCount "118"]

1. e4 e5 2. Nf3 Nc6 3. Bb5 a6 4. Ba4 Nf6 5. d4 exd4 6. O-O Be7 7. Re1 b5 8. e5
Nxe5 9. Rxe5 bxa4 10. Nxd4 O-O 11. Qf3 Bd6 12. Re2 Rb8 13. Nc3 Bb7 14. Qh3 Re8
15. Bg5 Rxe2 16. Ncxe2 h6 17. Bh4 Qe7 18. Re1 Re8 19. Nf5 Qe6 20. Nxd6 Qxh3 21.
gxh3 cxd6 22. Bxf6 gxf6 23. f4 Bd5 24. Kf2 Bxa2 25. Nc3 Rxe1 26. Kxe1 Be6 27.
Nxa4 Kg7 28. Kd2 Kg6 29. Ke3 Kh5 30. b4 Kh4 31. Kd4 Bxh3 32. c4 Bf1 33. Nb6 Kh3
34. Nxd7 Kxh2 35. Nxf6 Kg3 36. c5 dxc5+ 37. bxc5 Kxf4 38. c6 Bh3 39. Nd5+ Kg5
40. c7 h5 41. Ke5 Bc8 42. Nb6 Bb7 43. Nc4 a5 44. Nxa5 Ba6 45. Nb3 h4 46. Nc5
Bc8 47. Ne4+ Kg4 48. Kf6 Kf4 49. Ng5 Bg4 50. Nxf7 h3 51. Ng5 h2 52. Ne6+ Bxe6
53. Kxe6 h1=Q 54. Kd7 Qh3+ 55. Kd8 Qd3+ 56. Kc8 Qb5 57. Kd8 Qb6 58. Kd7 Qa7 59.
Kd8 Ke5 0-1

[Event "Elit(Orgryte-Solna)"]
[Site "?"]
[Date "2011.03.13"]
[Round "11"]
[White "Zackrisson, Mattias"]
[Black "Karlsson, Tomas"]
[Result "1-0"]
[WhiteElo "2200"]
[BlackElo "2271"]
[PlyCount "67"]

1. e4 e6 2. d3 d5 3. Nd2 c5 4. Ngf3 Nc6 5. g3 Nf6 6. Bg2 Be7 7. O-O O-O 8. Re1
Rb8 9. e5 Nd7 10. Nf1 Qc7 11. Bf4 Nd4 12. h4 Nxf3+ 13. Qxf3 c4 14. d4 Qb6 15.
c3 Qxb2 16. a4 Qb6 17. Ne3 Qd8 18. Qe2 a6 19. Nxd5 Nb6 20. Nf6+ Bxf6 21. exf6
Ra8 22. fxg7 Re8 23. Be4 Nd5 24. Bg5 Nf6 25. h5 h6 26. Bxh6 Nxe4 27. Qxe4 Qf6
28. Bf4 Qxg7 29. Rab1 f6 30. Rb4 Ra7 31. Bb8 Ra8 32. Bf4 Ra7 33. Rxc4 b5 34.
Rxc8 1-0

[Event "Elit(Orgryte-Solna)"]
[Site "?"]
[Date "2011.03.13"]
[Round "11"]
[White "Steneskog, Per"]
[Black "Eksmyr, Johan"]
[Result "1/2-1/2"]
[WhiteElo "2213"]
[BlackElo "2179"]
[PlyCount "119"]

1. d4 Nf6 2. c4 g6 3. Nc3 d5 4. Nf3 Bg7 5. Bg5 Ne4 6. cxd5 Nxg5 7. Nxg5 e6 8.
Nf3 exd5 9. b4 Qd6 10. Qb3 Nc6 11. e3 Qxb4 12. Qxb4 Nxb4 13. Kd2 Bf5 14. Nh4
O-O-O 15. Nxf5 gxf5 16. a3 Nc6 17. g3 f4 18. gxf4 Nxd4 19. exd4 Bxd4 20. Bh3+
Kb8 21. Rhf1 Rhg8 22. Rad1 Bc5 23. a4 Rge8 24. Bf5 c6 25. Kc2 Rd6 26. Rde1 Red8
27. Bd3 Rf6 28. Re5 Rxf4 29. Rf5 Rxf5 30. Bxf5 Rd6 31. f3 Rf6 32. Bg4 Rf4 33.
Re1 f5 34. Bh3 Rxf3 35. Bg2 Rf4 36. Kd3 Rd4+ 37. Kc2 Bb4 38. Kb3 Rc4 39. Re8+
Kc7 40. Ne2 Rg4 41. Bh3 Rh4 42. Bxf5 Bd6 43. Rh8 Rxh2 44. Rxh7+ Rxh7 45. Bxh7
Be5 46. Nc3 Bxc3 47. Kxc3 b6 48. Bg6 a6 49. Bf7 b5 50. axb5 axb5 51. Be8 Kb6
52. Kd4 b4 53. Bg6 Kb5 54. Be8 Kb6 55. Bg6 Kc7 56. Kc5 b3 57. Kb4 b2 58. Kc3 c5
59. Kxb2 Kd6 60. Bf7 1/2-1/2

[Event "Elit(Orgryte-Solna)"]
[Site "?"]
[Date "2011.03.13"]
[Round "11"]
[White "Goransson, Michael"]
[Black "Landgren, Andreas"]
[Result "0-1"]
[WhiteElo "1838"]
[BlackElo "2254"]
[PlyCount "46"]

1. d4 Nf6 2. Nf3 g6 3. Bg5 Bg7 4. Nbd2 c5 5. c3 cxd4 6. cxd4 d5 7. e3 O-O 8.
Qb3 Nc6 9. Bd3 Qd6 10. Bf4 Qb4 11. h3 Ne4 12. a3 Qa5 13. Ke2 Nxd2 14. Nxd2 Bxd4
15. Rhc1 Bg7 16. Bb5 e5 17. Bg5 Be6 18. Rc5 a6 19. Rac1 axb5 20. Rxb5 Qa6 21.
Ke1 Rac8 22. Rxb7 Nd4 23. exd4 Rxc1+ 0-1

[Event "Elit(Eksjo-Upsala)"]
[Site "?"]
[Date "2011.03.13"]
[Round "11"]
[White "Glimbrant, Torbjorn"]
[Black "Ornstein, Axel"]
[Result "1/2-1/2"]
[WhiteElo "2318"]
[BlackElo "2415"]
[PlyCount "96"]

1. d4 Nf6 2. Nf3 e6 3. c4 c5 4. e3 d5 5. Nc3 Nc6 6. a3 a6 7. dxc5 Bxc5 8. b4
Ba7 9. Qc2 O-O 10. Bb2 Qe7 11. Rd1 Rd8 12. cxd5 exd5 13. Be2 Bg4 14. b5 Bxf3
15. gxf3 Ne5 16. O-O Qe6 17. f4 Nc4 18. Bxc4 Qg4+ 19. Kh1 Qf3+ 20. Kg1 Qg4+ 21.
Kh1 Qf3+ 22. Kg1 dxc4 23. bxa6 Qg4+ 24. Kh1 Qf3+ 25. Kg1 bxa6 26. Qe2 Qh3 27.
Rxd8+ Rxd8 28. Rd1 Rxd1+ 29. Qxd1 h5 30. Qf1 Qg4+ 31. Qg2 Kf8 32. h3 Qxg2+ 33.
Kxg2 Ke7 34. Kf3 g6 35. Na4 Ke6 36. Bc3 Nd5 37. Ba5 f5 38. Ke2 Kd6 39. Kd2 Kc6
40. Nb2 Nf6 41. Kc2 Kd5 42. Bc3 Ne4 43. Nd1 Bc5 44. a4 Be7 45. Bd4 Bb4 46. f3
Nc5 47. Nc3+ Bxc3 48. Bxc5 Ba5 1/2-1/2

[Event "Elit(Eksjo-Upsala)"]
[Site "?"]
[Date "2011.03.13"]
[Round "11"]
[White "Malesevic, Nedeljko"]
[Black "Lindberg, Henrik"]
[Result "0-1"]
[WhiteElo "2395"]
[BlackElo "2212"]
[PlyCount "140"]

1. d4 Nf6 2. c4 e6 3. Nf3 b6 4. g3 Bb7 5. Bg2 Be7 6. O-O O-O 7. Nc3 Ne4 8. Qc2
Nxc3 9. Qxc3 f5 10. Rd1 Bf6 11. Ne5 Bxg2 12. Kxg2 Nc6 13. Nxc6 dxc6 14. Qc2 Rf7
15. Bf4 Rd7 16. Be5 Qe7 17. Bxf6 gxf6 18. d5 cxd5 19. cxd5 Rxd5 20. Rxd5 exd5
21. Qxf5 Rd8 22. Rd1 Qe5 23. Qg4+ Kf7 24. Qh4 h5 25. e3 c5 26. Qa4 a5 27. Qc2
Kg7 28. h4 f5 29. Kg1 Kf6 30. Qe2 Kg6 31. Qb5 Rd6 32. a3 Kf6 33. Qe2 Kg6 34. b4
axb4 35. axb4 d4 36. bxc5 bxc5 37. Qb2 Qe6 38. Qb8 d3 39. Qh8 c4 40. Qc3 Qd5
41. Qb4 d2 42. Qb2 Qd3 43. Qh8 c3 44. Qg8+ Kf6 45. Qf8+ Ke6 46. Qe8+ Kd5 47.
Qa8+ Kc5 48. Qc8+ Kb5 49. Qb8+ Rb6 50. Qe5+ Kb4 51. Kh2 Rb5 52. Qe7+ Kb3 53.
Qa7 c2 54. Ra1 c1=Q 55. Qa4+ Kc3 56. Ra3+ Qxa3 57. Qxa3+ Kc2 58. Qa2+ Rb2 59.
Qa4+ Qb3 60. Qc6+ Kb1 61. Qf3 d1=Q 62. Qxf5+ Rc2 63. Kg2 Qe2 64. e4 Qxf2+ 65.
Qxf2 Rxf2+ 66. Kxf2 Kc2 67. e5 Kd2 68. e6 Qe3+ 69. Kg2 Qxe6 70. Kf3 Qf5+ 0-1

[Event "Elit(Eksjo-Upsala)"]
[Site "?"]
[Date "2011.03.13"]
[Round "11"]
[White "Marttala, Thomas"]
[Black "Thornert, Hakan"]
[Result "0-1"]
[WhiteElo "2291"]
[BlackElo "2240"]
[PlyCount "104"]

1. e4 c5 2. Nf3 d6 3. c3 Nf6 4. h3 g6 5. Bb5+ Bd7 6. Bxd7+ Qxd7 7. Qe2 e5 8.
O-O Bg7 9. d4 cxd4 10. cxd4 exd4 11. Nxd4 O-O 12. Rd1 Re8 13. Nc3 Nc6 14. Nf3
Rad8 15. Qc2 h6 16. Qa4 Qe6 17. Re1 d5 18. Bxh6 dxe4 19. Bxg7 Kxg7 20. Ng5 Qe5
21. h4 Ng4 22. Nf3 Qc5 23. Nxe4 Rxe4 24. Rxe4 Qxf2+ 25. Kh1 Qxb2 26. Rf1 Nf2+
27. Rxf2 Qxf2 28. Qb3 Qc5 29. Qb2+ Kg8 30. Qe2 Qd5 31. Re8+ Rxe8 32. Qxe8+ Kg7
33. Qe2 b5 34. Qb2+ Kg8 35. Qc2 a5 36. Kg1 b4 37. Kf2 Ne5 38. Nxe5 Qxe5 39.
Qc8+ Kg7 40. Qc4 Qb2+ 41. Kg1 Qc3 42. Qe4 Qa1+ 43. Kh2 Qxa2 44. Qe5+ f6 45.
Qc7+ Qf7 46. Qxa5 Qb7 47. Qa2 b3 48. Qb2 Qb4 49. Kh3 Qc4 50. g3 Qc8+ 51. g4 Qc4
52. g5 Qd3+ 0-1

[Event "Elit(Eksjo-Upsala)"]
[Site "?"]
[Date "2011.03.13"]
[Round "11"]
[White "Gustafsson, Fredrik"]
[Black "Johansson, Carl-Fredrik"]
[Result "1/2-1/2"]
[WhiteElo "2151"]
[BlackElo "2235"]
[PlyCount "89"]

1. e4 c5 2. Nc3 e6 3. g3 Nc6 4. Bg2 h5 5. Nf3 g5 6. h3 Nh6 7. d3 g4 8. hxg4
Nxg4 9. Bh3 Qf6 10. Bg5 Qg7 11. Nb5 f6 12. Bd2 Kd8 13. a4 a6 14. Na3 Bd6 15.
Nc4 Bc7 16. Bxg4 hxg4 17. Rxh8+ Qxh8 18. Nh4 Nd4 19. Ne3 Qh5 20. Nxg4 Nxc2+ 21.
Qxc2 Qxg4 22. Qxc5 d6 23. Qc3 e5 24. Rc1 Qg7 25. Be3 a5 26. d4 Ra6 27. d5 Ra8
28. Nf3 Bh3 29. Nh4 Rc8 30. Nf5 Qd7 31. Qc2 b5 32. b3 Rb8 33. f3 Bxf5 34. exf5
bxa4 35. bxa4 Rb4 36. g4 Rxa4 37. g5 Rh4 38. Qc6 Rh1+ 39. Kf2 Rxc1 40. Qa8+ Bb8
41. Bxc1 Qa7+ 42. Qxa7 Bxa7+ 43. Ke2 fxg5 44. Bxg5+ Ke8 45. Kd3 1/2-1/2

[Event "Elit(Limhamn-Rockaden)"]
[Site "?"]
[Date "2011.03.13"]
[Round "11"]
[White "Karlsson, Lars"]
[Black "Ahlander, Bjorn"]
[Result "1/2-1/2"]
[WhiteElo "2563"]
[BlackElo "2500"]
[PlyCount "105"]

1. f4 e5 2. fxe5 d6 3. exd6 Bxd6 4. Nf3 g5 5. c3 g4 6. Qa4+ Nc6 7. Qe4+ Nge7 8.
Nd4 Nxd4 9. Qxd4 Ng6 10. Na3 Qh4+ 11. Kd1 O-O 12. Qg1 Be6 13. Nc2 Rfe8 14. d3
Rad8 15. Bd2 c5 16. Kc1 Qe7 17. Qf2 b5 18. g3 a5 19. Bg2 b4 20. Rf1 Be5 21. Bc6
Rf8 22. Bb5 f5 23. e3 Bg7 24. d4 Bd5 25. Qe2 Kh8 26. Bc4 Be4 27. Bd3 Bf3 28.
Rxf3 gxf3 29. Qxf3 Ne5 30. Qf1 Nxd3+ 31. Qxd3 Qe4 32. Ne1 Rc8 33. Kd1 Qh1 34.
Qe2 Qd5 35. Qf3 Qe6 36. Nd3 Qd7 37. Nf4 Rfe8 38. Qd5 Qxd5 39. Nxd5 Bh6 40. Nf4
Bxf4 41. exf4 cxd4 42. cxb4 a4 43. a3 Kg8 44. b3 axb3 45. Rb1 Kf7 46. a4 Ra8
47. a5 Reb8 48. Ke2 Ke6 49. Kd3 Kd5 50. Re1 Re8 51. Rb1 Reb8 52. Re1 Re8 53.
Rb1 1/2-1/2

[Event "Elit(Limhamn-Rockaden)"]
[Site "?"]
[Date "2011.03.13"]
[Round "11"]
[White "Brynell, Stellan"]
[Black "Nielsen, Peter Heine"]
[Result "0-1"]
[WhiteElo "2546"]
[BlackElo "2720"]
[PlyCount "144"]

1. e4 c5 2. c3 d5 3. exd5 Qxd5 4. d4 g6 5. Nf3 Bg7 6. dxc5 Qxc5 7. Be3 Qc7 8.
Na3 a6 9. Nc4 Nd7 10. a4 Nh6 11. a5 O-O 12. Be2 Nf5 13. Bb6 Nxb6 14. Nxb6 Rb8
15. O-O Rd8 16. Qa4 Bd7 17. Nxd7 Rxd7 18. Rfd1 Rbd8 19. Rxd7 Rxd7 20. Rd1 Rxd1+
21. Bxd1 Nd6 22. Be2 Qc5 23. g3 Qf5 24. Kg2 Qb1 25. Qb3 Qe4 26. Qd1 Bf6 27. Kg1
Kg7 28. Qd3 Qa4 29. Kg2 Qxa5 30. Nd2 Qa2 31. b3 Nb5 32. c4 Nd4 33. Bd1 Qb2 34.
Nf3 Ne6 35. Qc2 Qa3 36. Ne1 Nd4 37. Qd3 a5 38. Nf3 Ne6 39. Ne1 b6 40. Nf3 Nc5
41. Qc2 Qa1 42. Ne1 Qd4 43. Nf3 Qd6 44. Qd2 Qc6 45. Qe2 e5 46. Kg1 e4 47. Ne1
Qd6 48. Bc2 Qd4 49. Qd1 Qc3 50. Kf1 Bg5 51. Ng2 h5 52. h4 Bd2 53. Ke2 Nxb3 54.
Bxe4 Nc1+ 55. Kf1 Qxc4+ 56. Kg1 Ne2+ 57. Kh2 Qxe4 58. Qxd2 Nd4 59. Qb2 Kh7 60.
Ne3 b5 61. Kg1 b4 62. Qa2 b3 63. Qa3 Ne2+ 64. Kh2 Qf3 65. Nd1 Nxg3 66. Qf8 Nf1+
67. Kg1 Qg4+ 68. Kh1 Qxh4+ 69. Kg2 Qg4+ 70. Kh1 Qf3+ 71. Kg1 Ng3 72. Kh2 Ne4
0-1

[Event "Elit(Limhamn-Rockaden)"]
[Site "?"]
[Date "2011.03.13"]
[Round "11"]
[White "Wiedenkeller, Michael"]
[Black "Schneider, Stefan"]
[Result "1-0"]
[WhiteElo "2501"]
[BlackElo "2428"]
[PlyCount "111"]

1. d4 Nf6 2. c4 e6 3. Nc3 Bb4 4. e3 O-O 5. Bd3 d5 6. Nge2 Nbd7 7. O-O dxc4 8.
Bxc4 e5 9. h3 exd4 10. exd4 Nb6 11. Bb3 Bf5 12. Ng3 Bg6 13. f4 Bxc3 14. bxc3
Ne4 15. Qf3 Nxg3 16. Qxg3 Bf5 17. Re1 Qf6 18. Qf3 Rfe8 19. Re5 Qg6 20. Bd2 Nd7
21. Rxe8+ Rxe8 22. Re1 Rxe1+ 23. Bxe1 Be4 24. Qe2 h6 25. Bh4 Nb6 26. g4 Qc6 27.
c4 Bf3 28. Qe3 Qe4 29. Qxe4 Bxe4 30. Bd8 c6 31. Kf2 Kf8 32. Ke3 Bg2 33. h4 Nd7
34. g5 Ke8 35. Bc7 hxg5 36. fxg5 f6 37. g6 Bh3 38. c5 Bg4 39. Bf7+ Ke7 40. Bd6+
Kd8 41. Kf4 Bh5 42. Kf5 Be2 43. Ke4 Bh5 44. Kf4 Be2 45. Bb3 Bh5 46. Bc2 Ke8 47.
Kf5 Bf3 48. Be4 Be2 49. d5 cxd5 50. Bxd5 b6 51. c6 Nc5 52. Bxc5 bxc5 53. Ke6 c4
54. c7 Bg4+ 55. Kd6 c3 56. Be6 1-0

[Event "Elit(Limhamn-Rockaden)"]
[Site "?"]
[Date "2011.03.13"]
[Round "11"]
[White "Barkhagen, Jonas"]
[Black "Penalver, Osmani"]
[Result "1-0"]
[WhiteElo "2518"]
[BlackElo "2327"]
[PlyCount "85"]

1. d4 Nf6 2. c4 e6 3. Nc3 Bb4 4. Qc2 O-O 5. a3 Bxc3+ 6. Qxc3 Ne4 7. Qc2 f5 8.
Nh3 b6 9. f3 Nf6 10. e3 Bb7 11. Be2 d6 12. O-O Nbd7 13. b3 Qe8 14. Bb2 e5 15.
dxe5 Nxe5 16. Rae1 Qe7 17. Qc3 Rae8 18. Nf4 Ng6 19. Nxg6 hxg6 20. Bd3 Nd7 21.
e4 f4 22. e5 Nxe5 23. Bxg6 Rd8 24. Qc2 Qg5 25. Bh7+ Kh8 26. Be4 Bc8 27. Qd2 Nf7
28. Qd5 Ne5 29. Kh1 Rf6 30. Qd2 Rh6 31. g3 Rf6 32. Rg1 Rdf8 33. Bc1 Qh6 34.
gxf4 Nd7 35. Qf2 Nc5 36. f5 Qh5 37. Rg5 Qh7 38. Bb2 Nd7 39. Bxf6 Nxf6 40. Bd3
Qh6 41. Qg3 Nh7 42. Rg6 Qd2 43. Rg1 1-0

[Event "Elit(Limhamn-Rockaden)"]
[Site "?"]
[Date "2011.03.13"]
[Round "11"]
[White "Bator, Robert"]
[Black "Holst, Conny"]
[Result "1-0"]
[WhiteElo "2466"]
[BlackElo "2245"]
[PlyCount "95"]

1. d4 Nf6 2. Nf3 e6 3. c4 c5 4. d5 exd5 5. cxd5 d6 6. Nc3 g6 7. g3 Bg7 8. Bg2
O-O 9. O-O Re8 10. Nd2 Nbd7 11. h3 a6 12. a4 Qc7 13. Qc2 Rb8 14. a5 b5 15. axb6
Nxb6 16. e4 Nh5 17. Kh2 f5 18. f4 fxe4 19. Ndxe4 Nf6 20. Ng5 Bf5 21. Qd1 h6 22.
Ne6 Bxe6 23. dxe6 Rxe6 24. Qd3 Rbe8 25. Rxa6 c4 26. Qxg6 Ne4 27. Qg4 Nxc3 28.
bxc3 Re2 29. Qf3 Qc5 30. f5 Nd5 31. Ba3 Qb5 32. Rxd6 Nf6 33. Bc1 Qe5 34. Rd4
Rc2 35. Bd2 h5 36. Re1 Qb5 37. Re6 Rf8 38. Rdd6 Qb2 39. Re2 Qb8 40. Bf4 Qb2 41.
Rdd2 Rxd2 42. Rxd2 Qb1 43. g4 hxg4 44. hxg4 Kf7 45. Qe2 Rh8+ 46. Kg3 Kg8 47.
Bd5+ Nxd5 48. Qe6+ 1-0

[Event "Elit(Manhem-Farsta)"]
[Site "?"]
[Date "2011.03.13"]
[Round "11"]
[White "von Bahr, Oskar"]
[Black "Hultin, Johan"]
[Result "1/2-1/2"]
[WhiteElo "2359"]
[BlackElo "2366"]
[PlyCount "33"]

1. c4 Nf6 2. g3 c6 3. Nf3 d5 4. Bg2 g6 5. cxd5 cxd5 6. Nc3 Bg7 7. d4 O-O 8. Ne5
e6 9. O-O Nc6 10. Nxc6 bxc6 11. Na4 Nd7 12. Bf4 Ba6 13. Rc1 Qa5 14. Re1 Rfc8
15. Bd2 Qb5 16. Bf1 Qb7 17. Ba5 1/2-1/2

[Event "Elit(Manhem-Farsta)"]
[Site "?"]
[Date "2011.03.13"]
[Round "11"]
[White "Welin, Mats"]
[Black "Hjelm, Niclas"]
[Result "1/2-1/2"]
[WhiteElo "2397"]
[BlackElo "2376"]
[PlyCount "32"]

1. e4 e5 2. Nf3 Nc6 3. Bc4 Bc5 4. c3 Nf6 5. d3 d6 6. O-O Bb6 7. Nbd2 O-O 8. h3
Ne7 9. Bb3 Ng6 10. Nc4 h6 11. Re1 Be6 12. a4 c6 13. Nxb6 Qxb6 14. Bc2 Qc7 15.
Nh2 Rad8 16. Qf3 Qe7 1/2-1/2

[Event "Elit(Manhem-Farsta)"]
[Site "?"]
[Date "2011.03.13"]
[Round "11"]
[White "Akesson, Joel"]
[Black "Ong, Kezli"]
[Result "0-1"]
[WhiteElo "2368"]
[BlackElo "2323"]
[PlyCount "106"]

1. Nf3 Nf6 2. c4 e6 3. g3 d5 4. Bg2 Be7 5. b3 O-O 6. O-O c5 7. Bb2 Nc6 8. e3 d4
9. exd4 cxd4 10. Re1 Ne8 11. Ne5 Nxe5 12. Rxe5 f6 13. Re1 e5 14. Ba3 Bxa3 15.
Nxa3 Rb8 16. c5 Be6 17. Rc1 Bd5 18. Nc4 Bxg2 19. Kxg2 Rc8 20. Qf3 Rxc5 21. Qxb7
Rf7 22. Qf3 Rfc7 23. d3 a5 24. Re2 Nd6 25. Rce1 Rc8 26. Nxd6 Qxd6 27. Qe4 Qc6
28. f4 exf4 29. gxf4 Qxe4+ 30. Rxe4 Rc2+ 31. R1e2 Rxe2+ 32. Rxe2 Rc3 33. Kf3
Rxd3+ 34. Ke4 Rd1 35. Rc2 d3 36. Rc8+ Kf7 37. Ke3 Kg6 38. Rc5 Rh1 39. Rxa5 Rxh2
40. Kxd3 h5 41. a4 h4 42. Ra8 Kf5 43. Rh8 Kxf4 44. a5 g5 45. b4 g4 46. a6 Ra2
47. b5 h3 48. Kc4 Kg3 49. Kc5 Kh2 50. Kb6 g3 51. a7 g2 52. Rg8 g1=Q+ 53. Rxg1
Kxg1 0-1

[Event "Elit(Manhem-Farsta)"]
[Site "?"]
[Date "2011.03.13"]
[Round "11"]
[White "Lissang, Christopher"]
[Black "Moberg, Karl Johan"]
[Result "1/2-1/2"]
[WhiteElo "2283"]
[BlackElo "2331"]
[PlyCount "58"]

1. d4 Nf6 2. Nf3 g6 3. c4 Bg7 4. Nc3 d5 5. e3 O-O 6. b4 b6 7. Qb3 e6 8. Ba3 Bb7
9. Rc1 a6 10. b5 Re8 11. bxa6 Bxa6 12. Nb5 dxc4 13. Bxc4 c6 14. Nd6 Bxc4 15.
Nxc4 b5 16. Nce5 Qa5+ 17. Bb4 Qxa2 18. Qxa2 Rxa2 19. O-O Nd5 20. Bd6 b4 21. Ra1
Rxa1 22. Rxa1 Bf8 23. Bxf8 Rxf8 24. Ra7 f6 25. Nd3 Rf7 26. Ra8 Rf8 27. Ra7 Rf7
28. Ra8 Rf8 29. Ra7 Rf7 1/2-1/2

[Event "Elit(Manhem-Farsta)"]
[Site "?"]
[Date "2011.03.13"]
[Round "11"]
[White "Kinnmark, Ove"]
[Black "Wieweg, Johnny"]
[Result "1/2-1/2"]
[WhiteElo "2248"]
[BlackElo "2204"]
[PlyCount "66"]

1. Nf3 Nf6 2. c4 g6 3. g3 Bg7 4. Bg2 d5 5. cxd5 Nxd5 6. Nc3 Nb6 7. O-O O-O 8.
a3 Nc6 9. d3 h6 10. Bd2 e5 11. b4 Nd4 12. Ne1 c6 13. Rb1 a6 14. a4 Nd5 15. e3
Ne6 16. b5 Nxc3 17. Bxc3 axb5 18. axb5 c5 19. Qc2 Qd6 20. Nf3 Ng5 21. Nxg5 hxg5
22. Rfd1 Qe7 23. Qb2 g4 24. Rbc1 Bf5 25. d4 exd4 26. exd4 Bh6 27. Ra1 Rxa1 28.
Rxa1 b6 29. dxc5 Qxc5 30. Bd4 Qc4 31. Bf1 Bd3 32. Bxd3 Qxd3 33. Re1 Rd8 1/2-1/2